000 01009nam a22003137a 4500
003 CHAP
005 20220329143316.0
008 080429d2008 us ad r 00110 eng d
010 _a94765
011 _a95737
020 _a9780471721157
035 _a106367
040 _cCHAP
082 0 4 _a620.11
_bU3
100 1 _aUgural, Ansel C.
_9116030
245 1 0 _aMechanics of materials
_c/by Ansel C. Ugural
260 _aHoboken, NJ :
_bWiley,
_cc.2008
300 _axix, 716 p. :
_bilus. ; gráfs. ; tablas
590 _aBATCH-UPD
_b10
_c20130110
_lUCH01
_h0555
590 _aBATCH-UPD
_b10
_c20130410
_lUCH01
_h0237
590 _aBATCH-UPD
_b10
_c20130914
_lUCH01
_h1036
590 _aCONVERSION
_b10
_c20130109
_lUCH01
_h1352
650 1 4 _aConstrucción
_xMateriales de.
_927387
650 1 4 _aIngeniería de estructuras.
_958217
650 1 4 _aResistencia de materiales.
_996123
901 _aBK
942 _cLIBRO
949 _a620.11 U3
_bBC
_cLIBRO
_d33724002055256
_eLIBRO
_gI.237632
_h109482
_i106367
_si
_t$1450.88
999 _c94765
_d94765